Načaľnyj kurs topologii : Geometričeskije glavy

Uložené v:
Podrobná bibliografia
Hlavní autori: Rochlin, V.A (Autor), Fuks, Dmitrij Borisovič (Autor)
Médium: Kniha
Jazyk:Russian
Vydavateľské údaje: Moskva : Nauka, 1977
Tagy: Pridať tag
Žiadne tagy, Buďte prvý, kto otaguje tento záznam!

MARC

LEADER 00000nam a22000003a 4500
001 stu201616
005 20150617230049.9
008 100326s1977----xxr-----------------rus-d
040 |a STU  |b slo 
041 0 |a rus 
044 |a xxr 
080 |a 513.83 
100 1 |a Rochlin, V.A.  |4 aut 
245 1 |a Načaľnyj kurs topologii :  |b Geometričeskije glavy 
260 |a Moskva :  |b Nauka,  |c 1977 
300 |a 487 s 
700 1 |a Fuks, Dmitrij Borisovič  |4 aut 
996 |b E41707  |c E*41707  |l EE03  |s P  |a 0  |w stu201616_0003